La crónica de Destino / (Record no. 54847)

MARC details
000 -LEADER
campo de control de longitud fija 00817nam a2200253 i 4500
001 - NÚMERO DE CONTROL
campo de control 54847
003 - IDENTIFICADOR DE NÚMERO DE CONTROL
campo de control ES-MaACL
005 - FECHA Y HORA DE LA ÚLTIMA TRANSACCIÓN
campo de control 20240611121310.0
007 - CAMPO FIJO DE DESCRIPCIÓN FÍSICA--INFORMACIÓN GENERAL
campo de control de longitud fija t|
008 - DATOS DE LONGITUD FIJA--INFORMACIÓN GENERAL
campo de control de longitud fija 040119s2003 sp ||||1| spa d
020 ## - NÚMERO INTERNACIONAL ESTÁNDAR DEL LIBRO
Número Internacional Estándar del Libro 84-233-3562-3
080 ## - NÚMERO DE LA CLASIFICACIÓN DECIMAL UNIVERSAL
Número de la Clasificación Decimal Universal 946.0(460)"1937/1980"
245 03 - MENCIÓN DEL TÍTULO
Título La crónica de Destino /
Mención de responsabilidad, etc. edición a cargo de Alexandre Porcel.
260 ## - PUBLICACIÓN, DISTRIBUCIÓN, ETC.
Lugar de publicación, distribución, etc. Barcelona :
Nombre del editor, distribuidor, etc. Destino,
Fecha de publicación, distribución, etc. 2003.
300 ## - DESCRIPCIÓN FÍSICA
Extensión 2 v. ;
Dimensiones 23 cm.
490 1# - MENCIÓN DE SERIE
Mención de serie Imago mundi ;
Designación de volumen o secuencia 38
505 8# - NOTA DE CONTENIDO CON FORMATO
Nota de contenido con formato T. I: La crónica de Destino (1937-1956). -- T. II: La crónica de Destino (1957-1980)
651 #4 - PUNTO DE ACCESO ADICIONAL DE MATERIA--NOMBRE GEOGRÁFICO
Nombre geográfico España-
Subdivisión general Historia-
Subdivisión cronológica S.XX.
9 (RLIN) 138832
700 1# - ENTRADA AGREGADA--NOMBRE PERSONAL
Nombre de persona Porcel, Alexandre.
9 (RLIN) 93113
830 00 - PUNTO DE ACCESO ADICIONAL DE SERIE-TÍTULO UNIFORME
Título uniforme Imago mundi (Barcelona) ;
Designación de volumen o secuencia 38
9 (RLIN) 236939
852 ## - LOCALIZACIÓN
Ubicación ES-MaACL
Número de control de estantería L-26724-5
Sublocalización o colección R.133331
942 ## - ELEMENTOS DE ENTRADA SECUNDARIOS (KOHA)
Fuente del sistema de clasificación o colocación Clasificación decimal universal
Holdings
Estatus retirado Estado de pérdida Estado de daño No para préstamo Biblioteca de origen Biblioteca actual Ubicación en estantería Fecha de adquisición Fuente de adquisición Total de préstamos Signatura topográfica completa Código de barras Visto por última vez Precio de reemplazo Tipo de ítem Koha
        Biblioteca del Ateneo de Madrid Biblioteca del Ateneo de Madrid Depósito 2 17/01/2008     L-26724-5 1057632 23/02/2023 23/02/2023 Libro impreso